00261nam a22001097a 4500003000400000082001800004100001000022245005300032260002500085300000800110653003300118SGT a617.525bP26K aKajol aPre-Operative assessment of head and neck cancer aGurugrambSGTUc2026 a115 aOral & Maxillofacial Surgery